| 000 | 00447nam a22001217a 4500 | ||
|---|---|---|---|
| 008 | 100624t xxu||||| |||| 00| 0 eng d | ||
| 082 |
_222 _bذ ر ي _a142.7 |
||
| 100 | 1 |
_915203 _aبن ذريل، عدنان |
|
| 245 |
_aالفكر الوجودي عبر مصطلحه : _bدراسة / _cعدنان بن ذريل. |
||
| 260 |
_a[د. م.] : _bمنشورات اتحاد الكتاب العرب ، _c1985. |
||
| 300 |
_a301 ص : _c24 سم. |
||
| 942 |
_2ddc _cBB |
||
| 999 |
_c14213 _d14213 |
||